Movie Villains (Part 2) - Statistics

General Stats
  • This quiz has been taken 29 times
  • The average score is 9 of 16
Answer Stats
Picture Answer % Correct
Darth Vader
93%
The Joker
93%
Voldemort
85%
Jason Voorhees
81%
Michael Myers
78%
Sauron
70%
HAL 9000
67%
Biff Tannen
59%
Tyler Durden
59%
Keyser Söze
44%
Ernst Stavro Blofeld
41%
René Belloq
30%
Emilio Barzini
15%
SkekSil/Chamberlain
15%
Warden Norton
15%
Mr. Boddy
11%
No matching quizzes found
Score Distribution
Percent of People with Each Score
Percentile by Number Answered
Your Score History
You have not taken this quiz